000 00785nam a2200217 i 4500
001 188992
003 ES-MaACL
005 20251003163252.0
007 t|
008 190311s1989 sp ||||1| spa d
245 0 0 _aComedias en Madrid, 1603-1709
_b: repertorio y estudio bibliográfico /
_cJ.E. Varey y N.D. Shergold, con la colaboración de Charles Davis.
260 _aLondon :
_bTamesis Books,
_c[1989]
300 _a251 p. ;
_c24 cm.
490 1 _aFuentes para la historia del teatro en España ;
_v9
650 4 _aTeatro-
_zMadrid-
_yS.XVII.
_9166595
700 0 _aShergold, N. D.
_9106096
700 1 _aDavis, Charles,
_d1956-
_9166598
830 0 _aFuentes para la historia del teatro en España ;
_v9
_9187314
852 _aES-MaACL
_jP-564-8
999 _c188992
_d188992